Serodiagnostic de widal et coproculture chez les patients en consultation dans les services de pediatrie et de médecine de l'hôpital St Luc de Cotonou (Record no. 48079)
[ view plain ]
| 000 -LEADER | |
|---|---|
| fixed length control field | 00643nam a22001937a 4500 |
| 003 - CONTROL NUMBER IDENTIFIER | |
| control field | 0 |
| 005 - DATE AND TIME OF LATEST TRANSACTION | |
| control field | 20160609165950.0 |
| 008 - FIXED-LENGTH DATA ELEMENTS--GENERAL INFORMATION | |
| fixed length control field | 101104t xxu||||| |||| 00| 0 eng d |
| 040 ## - SOURCE DU CATALOGAGE | |
| Original cataloging agency | BUAC |
| Transcribing agency | BEPAC |
| 100 ## - VEDETTE PRINCIPALE - NOM DE PERSONNE | |
| Personal name | Assogba , Pierrot Y. |
| 9 (RLIN) | 10448 |
| 130 ## - VEDETTE PRINCIPALE - TITRE UNIFORME | |
| Language of a work | fr |
| 9 (RLIN) | 10449 |
| 245 ## - TITLE STATEMENT | |
| Title | Serodiagnostic de widal et coproculture chez les patients en consultation dans les services de pediatrie et de médecine de l'hôpital St Luc de Cotonou |
| 260 ## - PUBLICATION, DISTRIBUTION, ETC. (IMPRINT) | |
| Place of publication, distribution, etc | UAC-EPAC |
| Name of publisher, distributor, etc | UAC-EPAC |
| Date of publication, distribution, etc | 2006 |
| 300 ## - PHYSICAL DESCRIPTION | |
| Extent | XXII-88p. |
| 650 ## - SUBJECT ADDED ENTRY--TOPICAL TERM | |
| Topical term or geographic name as entry element | SERODIAGNOSTIC |
| Topical term following geographic name as entry element | WIDAL |
| 9 (RLIN) | 10450 |
| 650 ## - SUBJECT ADDED ENTRY--TOPICAL TERM | |
| Topical term or geographic name as entry element | PEDIATRIE |
| Topical term following geographic name as entry element | MEDECINE |
| 9 (RLIN) | 10451 |
| 700 ## - ADDED ENTRY--PERSONAL NAME | |
| Personal name | Adonon , Bernadine A.T. |
| 9 (RLIN) | 10452 |
| 942 ## - ADDED ENTRY ELEMENTS (KOHA) | |
| Koha item type | Thèse et Memoire |
| Withdrawn status | Lost status | Damaged status | Not for loan | Location (home branch) | Sublocation or collection (holding branch) | Date acquired | Source of acquisition | Koha issues (times borrowed) | Koha full call number | Piece designation (barcode) | Koha date last seen | Copy number | Price effective from | Koha item type |
|---|---|---|---|---|---|---|---|---|---|---|---|---|---|---|
| Bibliothèque Ecole Polytechnique d'Abomey-Calavi | Bibliothèque Ecole Polytechnique d'Abomey-Calavi | 04/11/2010 | Dépot légal | 26/ABM/ASS | M16037EPAC | 04/11/2010 | 1 | 04/11/2010 | Thèse et Memoire | |||||
| Bibliothèque Ecole Polytechnique d'Abomey-Calavi | Bibliothèque Ecole Polytechnique d'Abomey-Calavi | 04/11/2010 | Dépot légal | 26/ABM/ASS | M16038 EPAC | 04/11/2010 | 2 | 04/11/2010 | Thèse et Memoire | |||||
| Bibliothèque Ecole Polytechnique d'Abomey-Calavi | Bibliothèque Ecole Polytechnique d'Abomey-Calavi | 04/11/2010 | Dépot légal | 26/ABM/ASS | M16039 EPAC | 04/11/2010 | 3 | 04/11/2010 | Thèse et Memoire |